000 00510cam a22002054a 4500
005 20260202100027.0
008 250528s ||||||||||||||||||||||||d
035 _a22255
020 _a9781848724150
040 _aGR-AtMCL
_bgre
_dGR-AtMCL
_eAACR2
245 1 _aCOGNITIVE PSYCHOLOGY / A STUDENT'S HANDBOOK
250 _a7
260 _bPsychology Press,
_c2015
300 _a838
700 1 _aEysenck, Michael W.
_9211
700 1 _aKeane Mark T
_9212
942 _cBK
999 _c7311
_d7311